[Event "EU-Cup 25th"]
[Site "Ohrid"]
[Date "2009.10.05"]
[Round "2.2"]
[White "Dobias, Richard"]
[Black "Nemeth, Miklos"]
[Result "0-1"]
[WhiteElo "2270"]
[BlackElo "2469"]
[PlyCount "56"]
[EventDate "2009.10.04"]
[EventType "team-swiss"]
[EventRounds "7"]
[EventCountry "MKD"]
[SourceTitle "CBM 133"]
[Source "ChessBase"]
[SourceDate "2009.11.19"]
[SourceVersion "1"]
[SourceVersionDate "2009.11.19"]
[SourceQuality "1"]
[WhiteTeam "Luxembourg Bennevoie"]
[BlackTeam "Szombathely"]
[WhiteTeamCountry "LUX"]
[BlackTeamCountry "HUN"]

1. d4 f5 2. g3 Nf6 3. Bg2 g6 4. c4 Bg7 5. Nc3 0-0 6. Nh3 Nc6 7. 0-0 e6 8. b3 Nxd4 9. Ba3 Re8 10. Qxd4 Ne4 11. Qd3 Bxc3 12. Rac1 Bg7 13. Bxe4 fxe4 14. Qxe4 d5 15. Qg2 c6 16. Bc5 Qa5 17. cxd5 exd5 18. Nf4 Qxa2 19. Nxd5 cxd5 20. Qxd5+ Be6 21. Qxb7 Qxb3 22. Qc7 Bh3 23. Rfd1 Qe6 24. Bxa7 Qe4 25. f3 Qxe2 26. Bf2 Rac8 27. Qb7 Rxc1 28. Rxc1 Qxf2+ 0-1

[Event "Metz op 24th"]
[Site "Metz"]
[Date "2006.04.29"]
[Round "8"]
[White "Dobias, Richard"]
[Black "Haub, Thorsten Michael"]
[Result "0-1"]
[WhiteElo "2246"]
[BlackElo "2441"]
[PlyCount "108"]
[EventDate "2006.04.22"]
[EventType "swiss"]
[EventRounds "9"]
[EventCountry "FRA"]
[SourceTitle "EXT 2007"]
[Source "ChessBase"]
[SourceDate "2006.11.23"]
[SourceVersion "1"]
[SourceVersionDate "2006.11.23"]
[SourceQuality "1"]

1. e4 g6 2. d4 Bg7 3. Nc3 d6 4. Be3 a6 5. Qd2 Nd7 6. f3 h6 7. Nge2 e6 8. g4 b5 9. Ng3 Ne7 10. Bg2 d5 11. 0-0 Nb6 12. b3 dxe4 13. fxe4 b4 14. Nce2 e5 15. Rad1 Bxg4 16. Qxb4 0-0 17. dxe5 Nd7 18. h3 Be6 19. Qd2 Kh7 20. Nf4 Nxe5 21. Nxe6 fxe6 22. Ne2 Rxf1+ 23. Rxf1 Qe8 24. Nf4 N7c6 25. Qe2 a5 26. Bf3 Nxf3+ 27. Qxf3 Ne5 28. Qe2 Qc6 29. Bc1 a4 30. Nd3 axb3 31. Nxe5 Qc5+ 32. Qe3 Qxe3+ 33. Bxe3 bxa2 34. Bd4 Ra5 35. Ra1 Bxe5 36. Bxe5 Rxe5 37. Rxa2 Rxe4 38. Ra6 Rc4 39. Rxe6 Rxc2 40. Re7+ Kg8 41. Rd7 Kf8 42. Rh7 h5 43. Rd7 Ke8 44. Rg7 Rc6 45. Kg2 Kd8 46. Kg3 Re6 47. Kf4 Kc8 48. h4 Kb8 49. Rd7 Kb7 50. Rg7 Kb6 51. Kg5 c5 52. Rxg6 Rxg6+ 53. Kxg6 c4 54. Kxh5 c3 0-1

[Event "Metz op 24th"]
[Site "Metz"]
[Date "2006.04.26"]
[Round "5"]
[White "Karpatchev, Aleksandr"]
[Black "Dobias, Richard"]
[Result "1-0"]
[WhiteElo "2521"]
[BlackElo "2246"]
[PlyCount "59"]
[EventDate "2006.04.22"]
[EventType "swiss"]
[EventRounds "9"]
[EventCountry "FRA"]
[SourceTitle "EXT 2007"]
[Source "ChessBase"]
[SourceDate "2006.11.23"]
[SourceVersion "1"]
[SourceVersionDate "2006.11.23"]
[SourceQuality "1"]

1. e4 c5 2. c3 d5 3. exd5 Qxd5 4. d4 Nf6 5. Nf3 e6 6. Be2 Be7 7. 0-0 0-0 8. Ne5 cxd4 9. cxd4 Qd8 10. Bf3 Nbd7 11. Nc3 Nb6 12. Re1 Nfd5 13. Qb3 a5 14. a4 Qd6 15. Nb5 Qb4 16. Qd1 Bf6 17. b3 Qe7 18. Ba3 Nb4 19. Rc1 Bxe5 20. Rxe5 Rd8 21. Nc7 Ra7 22. Qd2 Qf6 23. Bxb4 axb4 24. Qxb4 Nd5 25. Bxd5 exd5 26. Nxd5 Qh6 27. Ne7+ Kh8 28. Rxc8 Ra8 29. Rxa8 Rxa8 30. g3 1-0

[Event "SVK-chT1W 0304"]
[Site "Slovakia"]
[Date "2004.??.??"]
[Round "8"]
[White "Helbich, Jan"]
[Black "Dobias, Richard"]
[Result "1/2-1/2"]
[WhiteElo "2225"]
[BlackElo "2255"]
[PlyCount "31"]
[EventDate "2003.10.??"]
[EventType "team-tourn"]
[EventRounds "9"]
[EventCountry "SVK"]
[SourceTitle "EXT 2005"]
[Source "ChessBase"]
[SourceDate "2004.11.15"]
[SourceVersion "1"]
[SourceVersionDate "2004.11.15"]
[SourceQuality "1"]

1. e4 c5 2. Nf3 d6 3. d4 cxd4 4. Nxd4 Nf6 5. Nc3 g6 6. Be2 Bg7 7. 0-0 Nc6 8. Be3 0-0 9. Qd2 d5 10. exd5 Nxd5 11. Nxc6 bxc6 12. Rfd1 Be6 13. Bd4 Bxd4 14. Qxd4 Nxc3 15. Qxc3 Qb6 16. b3 1/2-1/2

[Event "SVK Cup"]
[Site "Trencianske Teplice"]
[Date "2002.03.30"]
[Round "2"]
[White "Dobias, Richard"]
[Black "Zambor, Norbert"]
[Result "1/2-1/2"]
[WhiteElo "2223"]
[BlackElo "2272"]
[PlyCount "20"]
[EventDate "2002.03.29"]
[EventType "team-tourn"]
[EventRounds "3"]
[EventCountry "SVK"]
[SourceTitle "CBM 087 Extra"]
[Source "ChessBase"]
[SourceDate "2002.05.03"]
[SourceVersion "2"]
[SourceVersionDate "2002.08.09"]
[SourceQuality "1"]

1. e4 e6 2. d4 d5 3. exd5 exd5 4. Bd3 Bd6 5. Nf3 Nf6 6. 0-0 0-0 7. c3 c6 8. Bg5 Bg4 9. Nbd2 Nbd7 10. Bh4 Bh5 1/2-1/2

[Event "SVK-chT1W 0102"]
[Site "Slovakia"]
[Date "2002.??.??"]
[Round "5"]
[White "Dobias, Richard"]
[Black "Machata, Martin"]
[Result "1-0"]
[WhiteElo "2265"]
[BlackElo "2265"]
[PlyCount "79"]
[EventDate "2001.10.??"]
[EventType "team-tourn"]
[EventRounds "11"]
[EventCountry "SVK"]
[SourceTitle "EXT 2007"]
[Source "ChessBase"]
[SourceDate "2006.11.23"]
[SourceVersion "1"]
[SourceVersionDate "2006.11.23"]
[SourceQuality "1"]

1. d4 c5 2. c3 g6 3. Nf3 Nf6 4. Bg5 Bg7 5. e3 0-0 6. Bd3 b6 7. 0-0 Bb7 8. Nbd2 d6 9. Re1 Nbd7 10. e4 e5 11. dxe5 dxe5 12. Qe2 Qc7 13. a4 Rfe8 14. Ba6 Bc6 15. Bb5 Bb7 16. Ba6 Bc6 17. Bb5 Bb7 18. a5 bxa5 19. Bxf6 Bxf6 20. Nc4 Reb8 21. Nxa5 a6 22. Bc4 Nb6 23. Bb3 Bc8 24. Bd5 Nxd5 25. exd5 Bd7 26. Ra2 Qd6 27. Rd1 e4 28. Qxe4 Re8 29. Qd3 Bf5 30. Qd2 Re4 31. b3 Rae8 32. Nc4 Qb8 33. Rxa6 Qxb3 34. Rxf6 Qxc4 35. h3 Kg7 36. Rc6 Re2 37. Qg5 Qxc3 38. d6 Qc2 39. Rf1 c4 40. Rc7 1-0

[Event "Tatry op"]
[Site "Tatranske Zruby"]
[Date "2001.10.03"]
[Round "6"]
[White "Mruskovic, Radoslav"]
[Black "Dobias, Richard"]
[Result "1/2-1/2"]
[WhiteElo "2054"]
[BlackElo "2176"]
[PlyCount "32"]
[EventDate "2001.09.29"]
[EventType "swiss"]
[EventRounds "9"]
[EventCountry "SVK"]
[SourceTitle "CBM 084 Extra"]
[Source "ChessBase"]
[SourceDate "2001.10.26"]
[SourceVersion "1"]
[SourceVersionDate "2001.10.26"]
[SourceQuality "1"]

1. Nf3 Nf6 2. g3 d5 3. Bg2 c6 4. 0-0 Bg4 5. h3 Bh5 6. d3 Nbd7 7. c3 e5 8. Bg5 Be7 9. Qc2 h6 10. Bxf6 Bxf6 11. e4 0-0 12. a4 a5 13. Re1 Re8 14. Nbd2 Bg6 15. Rad1 Qc7 16. Nh2 Nb6 1/2-1/2

[Event "SVK-chT3B 0102"]
[Site "Slovakia"]
[Date "2001.??.??"]
[Round "5"]
[White "Blaho, Stefan"]
[Black "Dobias, Richard"]
[Result "0-1"]
[WhiteElo "2150"]
[BlackElo "2205"]
[PlyCount "70"]
[EventDate "2001.10.??"]
[EventType "team-tourn"]
[EventRounds "9"]
[EventCountry "SVK"]
[SourceTitle "EXT 2006"]
[Source "ChessBase"]
[SourceDate "2005.11.24"]
[SourceVersion "1"]
[SourceVersionDate "2005.11.24"]
[SourceQuality "1"]

1. d4 d5 2. c4 e6 3. Nc3 c5 4. Nf3 cxd4 5. Nxd4 e5 6. Nc2 d4 7. Nd5 Be6 8. e4 Nc6 9. Bd3 f5 10. f4 fxe4 11. Bxe4 Nf6 12. Qf3 Nxe4 13. Qxe4 Qd7 14. g4 0-0-0 15. fxe5 Bxd5 16. cxd5 Qxd5 17. Qxd5 Rxd5 18. Bf4 Nxe5 19. 0-0-0 Nc6 20. Kb1 g6 21. Rhf1 Bg7 22. Bg3 Rd7 23. Rd3 Re8 24. Rc1 Bh6 25. Rcd1 Re4 26. h3 a6 27. a4 Bg7 28. b4 b5 29. axb5 axb5 30. Kb2 Re2 31. Kb3 Rxc2 32. Kxc2 Nxb4+ 33. Kb3 Nxd3 34. Rxd3 Kb7 35. Bf2 Kc6 0-1

[Event "SVK-chT3B 0102"]
[Site "Slovakia"]
[Date "2001.??.??"]
[Round "4"]
[White "Dobias, Richard"]
[Black "Janos, Jozef"]
[Result "1-0"]
[WhiteElo "2205"]
[BlackElo "2185"]
[PlyCount "71"]
[EventDate "2001.10.??"]
[EventType "team-tourn"]
[EventRounds "9"]
[EventCountry "SVK"]
[SourceTitle "EXT 2006"]
[Source "ChessBase"]
[SourceDate "2005.11.24"]
[SourceVersion "1"]
[SourceVersionDate "2005.11.24"]
[SourceQuality "1"]

1. d4 Nf6 2. Nf3 d5 3. e3 Bf5 4. c4 e6 5. Qb3 Qc8 6. Nc3 c6 7. Nh4 Bg6 8. Nxg6 hxg6 9. Bd3 Nbd7 10. Bd2 Qc7 11. h3 Be7 12. e4 dxe4 13. Nxe4 Nxe4 14. Bxe4 e5 15. d5 Nc5 16. Qc2 Nxe4 17. Qxe4 cxd5 18. cxd5 0-0 19. Bc3 Bd6 20. h4 f5 21. Qe2 e4 22. h5 g5 23. h6 Be5 24. Bxe5 Qxe5 25. hxg7 Qxg7 26. 0-0-0 Rac8+ 27. Kb1 Rf6 28. d6 Qf7 29. Qe3 Rd8 30. Qxg5+ Qg7 31. Qf4 Qg4 32. Qe5 Qg7 33. d7 Rf7 34. Qc7 Rdxd7 35. Rxd7 Rxd7 36. Qc8+ 1-0

[Event "SVK-chT1W 0001"]
[Site "Slovakia"]
[Date "2001.??.??"]
[Round "5"]
[White "Dobias, Richard"]
[Black "Veselsky, Jozef"]
[Result "0-1"]
[WhiteElo "2184"]
[BlackElo "2204"]
[PlyCount "76"]
[EventDate "2000.??.??"]
[EventType "team-tourn"]
[EventRounds "11"]
[EventCountry "SVK"]
[SourceTitle "EXT 2002"]
[Source "ChessBase"]
[SourceDate "2001.11.25"]
[SourceVersion "1"]
[SourceVersionDate "2001.11.25"]
[SourceQuality "1"]

1. e4 c5 2. Nf3 Nc6 3. d4 cxd4 4. Nxd4 Nf6 5. Nc3 g6 6. Nxc6 bxc6 7. e5 Nd5 8. Nxd5 cxd5 9. Qxd5 Rb8 10. e6 f6 11. Be3 dxe6 12. Bb5+ Bd7 13. Qxd7+ Qxd7 14. Bxd7+ Kxd7 15. Bxa7 Ra8 16. Be3 Bg7 17. a4 Rhb8 18. b3 e5 19. Ke2 f5 20. Bc5 Bf6 21. b4 e4 22. Ra3 Kc6 23. c4 Bb2 24. Ra2 Bc3 25. Rb1 e5 26. a5 f4 27. g3 g5 28. Ra3 Bd4 29. Bxd4 exd4 30. f3 d3+ 31. Kf1 d2 32. b5+ Kc5 33. fxe4 Kxc4 34. b6 Rxb6 35. axb6 Rxa3 36. b7 Rb3 37. Rd1 Kd3 38. gxf4 gxf4 0-1

[Event "SVK-chT1W 0001"]
[Site "Slovakia"]
[Date "2000.??.??"]
[Round "2"]
[White "Dobias, Richard"]
[Black "Ruckschloss, Karol"]
[Result "1/2-1/2"]
[WhiteElo "2171"]
[BlackElo "2300"]
[PlyCount "99"]
[EventDate "2000.??.??"]
[EventType "team-tourn"]
[EventRounds "11"]
[EventCountry "SVK"]
[SourceTitle "EXT 2002"]
[Source "ChessBase"]
[SourceDate "2001.11.25"]
[SourceVersion "1"]
[SourceVersionDate "2001.11.25"]
[SourceQuality "1"]

1. e4 d6 2. d4 Nf6 3. Nc3 g6 4. Be3 c6 5. h3 Qa5 6. Bd3 Bg7 7. f4 b5 8. a3 b4 9. axb4 Qxb4 10. Ra3 0-0 11. Nf3 Nbd7 12. 0-0 e5 13. Qa1 Qb6 14. Re1 exf4 15. Bxf4 Nh5 16. Be3 Qb8 17. Ra5 Nb6 18. Qa3 Be6 19. Ra1 Nc4 20. Bxc4 Bxc4 21. b3 Be6 22. Rxa7 Rxa7 23. Qxa7 Qd8 24. Qb7 c5 25. Nd5 Ng3 26. Re1 Nxe4 27. Ne7+ Kh8 28. Nxg6+ fxg6 29. Qxe4 Bf5 30. Qd5 Bxc2 31. Ng5 cxd4 32. Bxd4 Bxd4+ 33. Qxd4+ Qf6 34. Qxf6+ Rxf6 35. Re8+ Kg7 36. Re7+ Kg8 37. Nxh7 Rf5 38. b4 Bd3 39. g4 Rb5 40. Nf6+ Kf8 41. Re6 d5 42. Nd7+ Kf7 43. Rb6 Rxb6 44. Nxb6 Ke6 45. Kf2 d4 46. Kf3 g5 47. Na4 Ke5 48. Nc5 Bc4 49. Nd7+ Ke6 50. Nc5+ 1/2-1/2

[Event "SVK-chT1W 9798"]
[Site "Slovakia"]
[Date "1998.??.??"]
[Round "?"]
[White "Vojtek, Vladimir"]
[Black "Dobias, Richard"]
[Result "1-0"]
[WhiteElo "2315"]
[BlackElo "2240"]
[PlyCount "65"]
[EventDate "1997.??.??"]
[EventType "team-tourn"]
[EventRounds "11"]
[EventCountry "SVK"]
[SourceTitle "EXT 1999"]
[Source "ChessBase"]
[SourceDate "1998.11.16"]
[SourceVersion "1"]
[SourceVersionDate "1998.11.16"]
[SourceQuality "1"]

1. e4 c5 2. Nf3 d6 3. d4 cxd4 4. Nxd4 Nf6 5. Nc3 g6 6. Be3 Bg7 7. Bc4 0-0 8. f3 Nc6 9. Bb3 Bd7 10. Qd2 Rc8 11. 0-0-0 Ne5 12. Bg5 Nc4 13. Bxc4 Rxc4 14. e5 dxe5 15. Nb3 Rc7 16. Nb5 Bf5 17. Nxc7 Qxc7 18. Kb1 Rc8 19. Ka1 b6 20. c3 a5 21. Nc1 b5 22. Rhe1 e4 23. g4 Be6 24. Bxf6 Bxf6 25. Rxe4 Rb8 26. Ne2 Qc5 27. Nf4 Bc4 28. Nd5 a4 29. g5 Bxd5 30. gxf6 e6 31. Rh4 h5 32. Rxh5 Qc4 33. Rh8+ 1-0

[Event "SVK-chT3A 9697"]
[Site "Slovakia"]
[Date "1997.??.??"]
[Round "1"]
[White "Harasta, Vladimir"]
[Black "Dobias, Richard"]
[Result "1/2-1/2"]
[WhiteElo "2160"]
[BlackElo "2220"]
[PlyCount "111"]
[EventDate "1996.??.??"]
[EventType "team-swiss"]
[EventRounds "11"]
[EventCountry "SVK"]
[SourceTitle "EXT 1998"]
[Source "ChessBase"]
[SourceDate "1997.11.17"]
[SourceVersion "1"]
[SourceVersionDate "1997.11.17"]
[SourceQuality "1"]

1. c4 e6 2. Nc3 d5 3. d4 Be7 4. Nf3 Nf6 5. Bg5 0-0 6. e3 h6 7. Bxf6 Bxf6 8. Rc1 c6 9. Bd3 dxc4 10. Bxc4 Nd7 11. Ne4 Qa5+ 12. Qd2 Qxd2+ 13. Kxd2 Be7 14. Rhd1 Rd8 15. Ke2 Nf6 16. Bd3 Nxe4 17. Bxe4 Bd7 18. a3 Be8 19. Ne5 Rac8 20. Nd3 a5 21. Rc3 Rc7 22. Rdc1 Rb8 23. f4 Bd6 24. Nc5 Rcc8 25. Rb3 b6 26. Nd3 Rc7 27. Rbc3 Rbc8 28. g3 c5 29. dxc5 bxc5 30. b3 a4 31. bxa4 Bxa4 32. Nb2 Bb5+ 33. Bd3 Bc6 34. Nc4 Be7 35. a4 Ra7 36. Ra3 Rca8 37. a5 Bb5 38. Rca1 Bd8 39. Ne5 Bxd3+ 40. Nxd3 c4 41. Ne5 Rxa5 42. Rxa5 Rxa5 43. Rxa5 Bxa5 44. Nxc4 Bc7 45. Kd3 f5 46. Kd4 Kf7 47. Kc5 Ke7 48. Ne5 Bd6+ 49. Kd4 Ba3 50. Nc4 Bb4 51. e4 fxe4 52. Kxe4 Kf6 53. Ne5 Bc3 54. Nf3 g5 55. fxg5+ hxg5 56. h4 1/2-1/2

[Event "SVK-chT 9596"]
[Site "Slovakia"]
[Date "1996.??.??"]
[Round "11"]
[White "Dobias, Richard"]
[Black "Hudoba, Ondrej"]
[Result "1-0"]
[WhiteElo "2205"]
[BlackElo "2235"]
[PlyCount "81"]
[EventDate "1995.??.??"]
[EventType "team-tourn"]
[EventRounds "13"]
[EventCountry "SVK"]
[SourceTitle "EXT 1998"]
[Source "ChessBase"]
[SourceDate "1997.11.17"]
[SourceVersion "1"]
[SourceVersionDate "1997.11.17"]
[SourceQuality "1"]

1. e4 e5 2. Nf3 Nc6 3. Bb5 a6 4. Ba4 Nf6 5. d4 exd4 6. 0-0 Be7 7. e5 Ne4 8. Nxd4 0-0 9. Nf5 d5 10. Bxc6 bxc6 11. Nxe7+ Qxe7 12. Re1 f6 13. f3 Ng5 14. Nc3 Bf5 15. exf6 Qxf6 16. Bxg5 Qxg5 17. Re2 Rab8 18. b3 Rb4 19. Qd2 Qf6 20. Rae1 Rd4 21. Qe3 Rh4 22. Qc5 h6 23. Nd1 Qd6 24. Qxd6 cxd6 25. c3 Bd7 26. Ne3 Rhf4 27. Nc2 a5 28. a3 Rb8 29. b4 axb4 30. axb4 Ra8 31. Re7 Rf7 32. Rxf7 Kxf7 33. Ra1 Rxa1+ 34. Nxa1 c5 35. bxc5 dxc5 36. Nb3 d4 37. Nxc5 Bb5 38. cxd4 Ke7 39. Kf2 Kd6 40. Ke3 Bf1 41. g4 1-0

[Event "SVK-chT 9596"]
[Site "Slovakia"]
[Date "1996.??.??"]
[Round "13"]
[White "Dobias, Richard"]
[Black "Hyll, Jan"]
[Result "1/2-1/2"]
[WhiteElo "2205"]
[BlackElo "2070"]
[PlyCount "61"]
[EventDate "1995.??.??"]
[EventType "team-tourn"]
[EventRounds "13"]
[EventCountry "SVK"]
[SourceTitle "EXT 1998"]
[Source "ChessBase"]
[SourceDate "1997.11.17"]
[SourceVersion "1"]
[SourceVersionDate "1997.11.17"]
[SourceQuality "1"]

1. Nf3 Nf6 2. e3 d5 3. d4 Bf5 4. Bd3 Bxd3 5. cxd3 e6 6. Nc3 c6 7. 0-0 Nbd7 8. e4 dxe4 9. dxe4 Be7 10. Bg5 0-0 11. Qd3 Ng4 12. Bf4 Ngf6 13. Rad1 Qa5 14. Bg5 h6 15. Bh4 Qd8 16. Rfe1 Re8 17. d5 exd5 18. exd5 Bb4 19. Rxe8+ Qxe8 20. d6 Qe6 21. a3 Bxc3 22. bxc3 Re8 23. h3 Qe4 24. Qxe4 Rxe4 25. Bxf6 gxf6 26. Kf1 Kf8 27. Re1 Nc5 28. Nd4 Rxe1+ 29. Kxe1 Ne4 30. Nf5 Ke8 31. c4 1/2-1/2

[Event "Bratislava op"]
[Site "Bratislava"]
[Date "1995.??.??"]
[Round "2"]
[White "Bartek, Zdenek"]
[Black "Dobias, Richard"]
[Result "1/2-1/2"]
[WhiteElo "1955"]
[BlackElo "2215"]
[PlyCount "33"]
[EventDate "1995.??.??"]
[EventType "swiss"]
[EventRounds "9"]
[EventCountry "SVK"]
[SourceTitle "EXT 1997"]
[Source "ChessBase"]
[SourceDate "1996.11.15"]
[SourceVersion "1"]
[SourceVersionDate "1996.11.15"]
[SourceQuality "1"]

1. d4 d5 2. c4 e6 3. Nf3 Nf6 4. Nc3 Be7 5. e3 0-0 6. Bd3 c5 7. 0-0 cxd4 8. exd4 Nc6 9. cxd5 Nxd5 10. Be4 Nf6 11. Bxc6 bxc6 12. Be3 Nd5 13. Qd2 Qb6 14. Rfc1 Rb8 15. Nxd5 exd5 16. Ne5 Rb7 17. Rxc6 1/2-1/2

[Event "AUT-chT2O 9495"]
[Site "Austria"]
[Date "1995.??.??"]
[Round "?"]
[White "Dobias, Richard"]
[Black "Blatny, Pavel"]
[Result "0-1"]
[WhiteElo "2210"]
[BlackElo "2485"]
[PlyCount "78"]
[EventDate "1994.??.??"]
[EventType "team-tourn"]
[EventRounds "11"]
[EventCountry "AUT"]
[SourceTitle "EXT 1999"]
[Source "ChessBase"]
[SourceDate "1998.11.16"]
[SourceVersion "1"]
[SourceVersionDate "1998.11.16"]
[SourceQuality "1"]

1. e4 d6 2. d4 Nf6 3. Nc3 c6 4. Nf3 Bg4 5. h3 Bh5 6. Be2 e6 7. 0-0 d5 8. exd5 cxd5 9. Bf4 Nc6 10. Re1 Be7 11. Ne5 Bxe2 12. Nxe2 0-0 13. c3 Rc8 14. Ng3 Nxe5 15. Bxe5 Nd7 16. Nh5 g6 17. Nf4 Nxe5 18. dxe5 b5 19. a3 a5 20. Qd3 Qb6 21. Qg3 Rc4 22. h4 Qd8 23. h5 Bh4 24. Qf3 g5 25. Ne2 f6 26. g3 fxe5 27. Qg2 Kh8 28. gxh4 gxh4 29. Kh1 Qf6 30. Ng1 Rg8 31. Qh2 Rcg4 32. Re3 e4 33. Nh3 e5 34. Ng1 d4 35. Rh3 Qg5 36. cxd4 exd4 37. Ne2 d3 38. Rg1 dxe2 39. Rxg4 e1Q+ 0-1

[Event "Bratislava op"]
[Site "Bratislava"]
[Date "1995.??.??"]
[Round "1"]
[White "Dobias, Richard"]
[Black "Dinzik, Jan"]
[Result "1-0"]
[WhiteElo "2215"]
[BlackElo "1890"]
[PlyCount "101"]
[EventDate "1995.??.??"]
[EventType "swiss"]
[EventRounds "9"]
[EventCountry "SVK"]
[SourceTitle "EXT 1997"]
[Source "ChessBase"]
[SourceDate "1996.11.15"]
[SourceVersion "1"]
[SourceVersionDate "1996.11.15"]
[SourceQuality "1"]

1. Nf3 d5 2. e3 c5 3. d4 c4 4. Be2 e6 5. 0-0 f5 6. Nc3 Bb4 7. a3 Ba5 8. Bd2 a6 9. b3 Bxc3 10. Bxc3 b5 11. a4 Bb7 12. axb5 axb5 13. Rxa8 Bxa8 14. Bb4 Nc6 15. Bc5 Nf6 16. Ng5 Qd7 17. bxc4 bxc4 18. Qa1 Bb7 19. Rb1 h6 20. Nxe6 Kf7 21. Nf4 g5 22. Nh3 Ne4 23. Bh5+ Kg7 24. Bf3 Nf6 25. Be2 Ra8 26. Qb2 Bc8 27. f3 Qc7 28. Nf2 Nd7 29. e4 Rb8 30. Qa1 Rxb1+ 31. Qxb1 fxe4 32. fxe4 Nxc5 33. dxc5 dxe4 34. Qb2+ Qe5 35. Qxe5+ Nxe5 36. Nxe4 Bb7 37. Nd6 Bd5 38. Kf2 Kf6 39. Ke3 Bxg2 40. Nxc4 Nc6 41. c3 Ne7 42. Nb6 Ke5 43. Bc4 Bc6 44. Bf7 Nd5+ 45. Nxd5 Bxd5 46. Bxd5 Kxd5 47. c6 Kxc6 48. Ke4 Kc5 49. Kf5 Kc4 50. Kg6 Kxc3 51. Kxh6 1-0

[Event "Bratislava op"]
[Site "Bratislava"]
[Date "1995.??.??"]
[Round "7"]
[White "Novak, Ivan"]
[Black "Dobias, Richard"]
[Result "1/2-1/2"]
[WhiteElo "2330"]
[BlackElo "2215"]
[PlyCount "62"]
[EventDate "1995.??.??"]
[EventType "swiss"]
[EventRounds "9"]
[EventCountry "SVK"]
[SourceTitle "EXT 1997"]
[Source "ChessBase"]
[SourceDate "1996.11.15"]
[SourceVersion "1"]
[SourceVersionDate "1996.11.15"]
[SourceQuality "1"]

1. e4 e6 2. d4 b6 3. c3 Bb7 4. Bd3 c5 5. f3 Be7 6. Ne2 Nf6 7. 0-0 0-0 8. a3 cxd4 9. cxd4 d5 10. e5 Nfd7 11. Qc2 g6 12. b4 Nc6 13. Bh6 Re8 14. f4 Rc8 15. Qb2 f6 16. Nd2 f5 17. h3 Bf8 18. Bg5 Be7 19. Nf3 Bxg5 20. fxg5 Nf8 21. h4 Re7 22. Nf4 Rg7 23. Kf2 Qe7 24. Rh1 Nd8 25. h5 Qd7 26. Ke3 Rc7 27. hxg6 hxg6 28. Rh6 Qe7 29. Rh4 Nf7 30. Nh3 Nh7 31. Kf4 Qd8 1/2-1/2